[Event "EU-chT (Men) 11th"]
[Site "Pula"]
[Date "1997.05.??"]
[Round "2.2"]
[White "Efimov, Igor"]
[Black "Sulskis, Sarunas"]
[Result "1-0"]
[WhiteElo "2530"]
[BlackElo "2525"]
[Annotator "Tsesarsky,I"]
[PlyCount "77"]
[EventDate "1997.05.05"]
[EventType "team-swiss"]
[EventRounds "9"]
[EventCountry "CRO"]
[SourceTitle "CBM 057 Extra"]
[Source "ChessBase"]
[SourceDate "1997.05.01"]
[SourceVersion "1"]
[SourceVersionDate "1997.05.01"]
[SourceQuality "1"]
[WhiteTeam "Italy"]
[BlackTeam "Lithuania"]
[WhiteTeamCountry "ITA"]
[BlackTeamCountry "LTU"]

1. d4 Nf6 2. Nf3 d5 3. c4 e6 4. Nc3 Nbd7 5. cxd5 exd5 6. Bf4 c6 7. e3 Be7 8.
Bd3 Nf8 9. h3 Ng6 10. Bh2 Bd6 (10... O-O 11. O-O Re8 12. Ne5 Nxe5 13. Bxe5 Bd6
14. Bxd6 Qxd6 15. Qc2 g6 16. Rfe1 Bd7 17. b4 {+/= Smyslov,V-Huebner,R/Velden 
(m10) 1983}) (10... Be6 11. O-O O-O 12. Qc2 Nd7 13. Rad1 f5 14. Ne2 Qe8 15.
Rfe1 Qf7 16. a3 Rac8 17. b4 Nh4 18. Nxh4 Bxh4 19. Bd6 Be7 20. Bxe7 Qxe7 21. Nf4
$14 {Dinstuhl,V-Teich,U/NRW-I 1990/1-0 (51)}) 11. Bxd6 (11. Ne5 Bxe5 12. dxe5
Nd7 13. f4 Qh4+ 14. Ke2 $13 {Jackova,J-Voicu,C/WchJW-U12 Bratislava 1993/1-0 
(63)}) 11... Qxd6 12. Qc2 Be6 $146 (12... O-O 13. g4 (13. O-O-O Re8 (13... Be6
14. Kb1 Rfc8 15. g4 c5 16. dxc5 Rxc5 17. Nd4 Nf8 18. f4 Qe7 19. Qg2 $14 {
0-1 Landsman-Arlandi,E/EU-chJ Groningen 1983 (47)}) 14. Kb1 b6 (14... Qe7 15.
Ng5 h6 $2 (15... a5 $14) 16. Nxf7 $1 $16 {1-0 Landsman-Grant/EU-chJ Groningen
1983 (19)}) 15. g4 Qe7 16. Bxg6 hxg6 17. Ne5 c5 18. f3 Bb7 19. h4 Nd7 20. f4 f6
21. Nxg6 Qxe3 22. Rd3 Qe6 23. f5 $14 {1-0 Petrosian,T-Buslayev/ 1947 (45)}) (
13. O-O Re8 14. Rab1 (14. a3 Be6 15. Rad1 Nd7 16. Rfe1 Ngf8 17. Ng5 h6 18. Nf3
Rad8 19. Ne2 a6 20. Ng3 Rc8 21. Qd2 Ng6 22. Bb1 Ndf8 23. Rc1 $14 {0-1
Goregliad,S-Renna,T/Nassau Masters 1992 (52)}) 14... Bd7 15. b4 Rac8 16. Rfc1
Qe7 $14 {1/2-1/2 Cramling,P-Raicevic,V/Troon 1984 (50)}) 13... Be6 14. O-O-O c5
15. dxc5 Qxc5 16. Kb1 Rfe8 17. Nd4 Ne5 18. Bb5 Rec8 19. f4 Nc4 20. Bxc4 dxc4
21. e4 (21. Nxe6 fxe6 22. e4 Rd8 {- see later}) 21... Rd8 22. Na4 (22. Nxe6
fxe6 23. e5 (23. g5 Nh5 $132 {[%csl Rf4]}) 23... Nd5 24. Ne4 Qc6 25. Ng5 g6 26.
Rc1 Rac8 (26... Nxf4 27. Qxc4 Qxc4 28. Rxc4 Nd3 29. Rc7 Nxe5 30. Nxh7 $16) 27.
Qe4 c3 28. f5 Qb6 29. Rc2 Nb4 30. fxg6 h6 (30... Nxc2 31. gxh7+ Kg7 32. Qxc2
cxb2 (32... Rd2 33. h8=Q+ Rxh8 34. Qxc3 $16) 33. Qxb2 Qxb2+ 34. Kxb2 Rd2+ $11))
22... Qc7 23. f5 Bd7 24. Nc3 Bc6 25. Qd2 $6 (25. Nxc6 $1 bxc6 (25... Qxc6 26.
g5 (26. e5 Nd5 27. Rhe1 Nxc3+ (27... Nb4 28. Qe4 $14) 28. Qxc3 b5 $11) 26...
Ne8 27. Nd5 $16) 26. g5 Nd7 27. f6 $40 {+/-}) 25... Re8 {1/2-1/2 Polugaevsky,
L-Csom,I/Amsterdam IBM 1970}) 13. a3 a5 14. Ng5 $5 (14. O-O O-O 15. Rab1 $14)
14... O-O 15. O-O Rfe8 16. Na4 Nf8 (16... Nd7) 17. Qc5 Qb8 (17... Qxc5 18. dxc5
Re7 19. Rfd1 $14) 18. b4 b5 $6 (18... axb4 $142 19. axb4 h6 20. Nxe6 Nxe6 21.
Qc3 Ng5 22. Nc5 $14) 19. Nb2 (19. Nb6 Ra6 20. bxa5 Rxa5 21. a4 (21. Qxc6 Ra6
$17) 21... Ra6 22. a5 Qb7 23. Rfc1 Bd7 24. Qd6 $14) 19... Bd7 20. Qc3 (20. Rfc1
$142 Ne4 (20... h6 21. Nf3 Ne4 22. Bxe4 Rxe4 23. Ne5 axb4 24. axb4 Rxa1 25.
Rxa1 Qe8 26. Ra7 $16) 21. Nxe4 dxe4 22. Bc2 $14) 20... Ne4 21. Nxe4 dxe4 22.
Be2 Ne6 (22... axb4 23. axb4 (23. Qxb4 Qd8 24. a4 Qg5 25. Kh1 Qh4 26. Qd6 (26.
Rab1 Bxh3 27. gxh3 Qxh3+ 28. Kg1 Re6 $19) 26... Re6 (26... Bxh3 27. gxh3 Qxh3+
28. Qh2 $18) 27. Qg3 Qxg3 28. fxg3 $14) 23... Qd6 24. Qc5 $14 {[%csl Rb2]}) 23.
a4 $4 {[%csl Gb2]} (23. bxa5 $1 Qa7 24. a4 bxa4 25. Nc4 $16 (25. a6 c5 26. d5
Nc7 27. d6 Bb5 $132)) 23... axb4 24. Qxb4 c5 $1 $17 25. dxc5 bxa4 26. Qa3 (26.
Qxb8 Rexb8 27. Nc4 Nxc5 $17) 26... Nxc5 $1 27. Rfd1 Be6 $5 (27... Qe5 28. Nc4
Qc7 (28... Qg5 29. h4 $16) 29. Nd6 Re6 30. Nf5 $15) (27... Rc8 $1 $17) 28. Qxc5
Qxb2 29. Bb5 Rec8 $2 (29... Rac8 $1 30. Qg5 (30. Bc6 Bd7 $1 $17) 30... h6 31.
Qh5 g6 32. Qe2 Qxe2 33. Bxe2 Bb3 $17 (33... Bc4 $17)) 30. Rxa4 $1 $11 Rab8 $2 (
30... Qb3 31. Rd2 Qxa4 (31... Rab8 32. Rad4 h6 33. Bc6 $14) 32. Qxc8+ $8 Rxc8
33. Bxa4 f5 $11) 31. Rad4 h6 32. Bc6 $16 Qe2 33. Qe5 $1 Bb3 $8 34. R1d2 Qe1+
35. Kh2 g6 (35... f6 36. Qxe4 $16) 36. Bxe4 Re8 37. Qf4 Qc1 38. Rd6 {1:0 - ? (
(+)-?)} {(} Rb4 39. Rd8 $16 {)} 1-0

[Event "RUS-Cup7"]
[Site "Kstovo"]
[Date "1997.05.02"]
[Round "2"]
[White "Burmakin, Vladimir"]
[Black "Koniushkov, Igor"]
[Result "1-0"]
[WhiteElo "2530"]
[BlackElo "2405"]
[Annotator "Tsesarsky,I"]
[PlyCount "81"]
[EventDate "1997.05.01"]
[EventType "swiss"]
[EventRounds "9"]
[EventCountry "RUS"]
[SourceTitle "CBM 059"]
[Source "ChessBase"]
[SourceDate "1997.08.01"]
[SourceVersion "1"]
[SourceVersionDate "1997.08.01"]
[SourceQuality "1"]

1. d4 d5 2. c4 e6 3. Nc3 Be7 4. cxd5 exd5 5. Bf4 Nf6 6. e3 Bf5 7. Qb3 Nc6 {
( ? - Tsesarsky} 8. a3 (8. Qxb7 $1 Nb4 9. Bb5+ (9. Rc1 $2 O-O 10. a3 Nc2+ 11.
Rxc2 Bxc2 12. Bxc7 Qc8 $1 13. Ba6 Qxb7 14. Bxb7 Rab8 $1 15. Bxb8 Rxb8 16. Ba6
Rxb2 $15 {Ehlvest,J-Yusupov,A/Linares 1991/1/2-1/2 (47)}) 9... Kf8 10. Rd1 $5 (
10. Bxc7 $2 Qc8 11. Qxc8+ Rxc8 $17) (10. Kd2 $5 Bd6 (10... a6 11. Ba4 (11. Be2
c5 12. Nf3 Rc8 $40 {[%csl Rd2]}) 11... Nd3 12. Bxc7 Qc8 13. Qxc8+ Rxc8 14. Ba5
Nxb2 (14... Nxf2 15. Rf1 $16 {Salov,V-Timoshchenko,G/URS-FL Irkutsk 1986/1/2-1/
2 (66)}) 15. Bb3 Ba3 (15... Nc4+ 16. Bxc4 dxc4 $14) 16. f3 h5 17. Nge2 Ke7 18.
Nf4 Nc4+ 19. Bxc4 Rxc4 20. Nfxd5+ Nxd5 21. Nxd5+ $16 {1-0 Karolyi,T-Dutreeuw,M/
London Haringey 1989 (40)}) (10... Ne4+ $1 11. Nxe4 (11. Ke2 $5) 11... Bxe4 12.
Bxc7 (12. f3 $6 Rb8 $1 13. Qxc7 (13. Qxa7 Rxb5 14. fxe4 c5 $1 $132 {-Еыуыфкылн}
) 13... Qxc7 14. Bxc7 Rxb5 15. fxe4 dxe4 $44) 12... Qc8 13. Qxc8+ Rxc8 14. f3
Rxc7 15. fxe4 dxe4 (15... Rc2+ $5 16. Kd1 Rxb2 17. a3 Na2 18. Ne2 $13) 16. a3 (
16. Ba4 $5) 16... Nd5 17. Nh3 g5 $1 $10 18. Ba4 g4 19. Nf2 f5 20. Bb3 Nxe3 21.
Kxe3 Rb7 22. Be6 Bg5+ 23. Ke2 Ke7 24. Bxf5 Rxb2+ 25. Ke1 Rf8 26. Nxe4 Rxf5 {
1/2-1/2 Thorsteins,K-Zaitsev,I/Moscow-B 1988}) 11. Bxd6+ cxd6 12. Be8 $1 (12.
a3 Rb8 13. Qxa7 Ra8 14. Qb7 (14. axb4 Rxa7 15. Rxa7 Qb8 16. Ra5 Bd7 (16... Ne4+
17. Nxe4 dxe4 18. Ne2 Ke7 (18... Bd7 19. Nc3 $16) 19. Nc3 Rc8 20. Rha1 $16) 17.
Bxd7 Nxd7 18. b5 Nb6 19. b3 $16) 14... Rb8 $11) 12... Kxe8 13. Qxb4 $16 Rb8 14.
Qa3 Qb6 15. b3 a5 16. f3 Qb4 17. Qa4+ Bd7 18. Qxb4 axb4 19. Nce2 Ra8 20. Nf4
Ke7 21. Nge2 $16 {1-0 Volzhin,A-Koniushkov,I/St.Petersburg op 1995 (53)}) 10...
Rb8 $2 (10... Ne4 11. Ba4 Nxc3 12. bxc3 Nd3+ 13. Rxd3 Bxd3 14. Bxc7 Ba6 15.
Qxa6 Qxc7 16. Ne2 $16 {1-0 Chernin,A-Dutreeuw,M/EUCup Gr6Clichy 
(Graz-Antwerpen 1993 (31)}) (10... a6 11. Ba4 Nd3+ 12. Rxd3 Bxd3 13. Bxc7 Qc8
14. Qb6 (14. Qxc8+ Rxc8 15. Ba5 $14 {Salov}) 14... a5 (14... Bb5 15. Bb3 Qd7
16. Nge2 Rc8 17. Be5 Ne4 18. Qa5 h5 19. Nxb5 axb5 20. O-O Rh6 21. f3 Nd6 22.
Nc3 Nc4 23. Bxc4 dxc4 24. Nxb5 Qb7 25. a4 c3 26. Nxc3 Qxb2 27. Nd5 Ba3 28. Qb5
$16 {0-1 Gofstein,L-Ubilava,E/URS 1983 (41)}) 15. Be5 (15. Bd6 $5) 15... Ne4
16. Qc6 Bb4 17. Nge2 h5 (17... Bxe2 18. Kxe2 Bxc3 19. Qxd5 Bxb2 20. Qxe4 Qc4+
21. Kf3 $16) 18. f3 Nxc3 19. bxc3 Bxe2 20. cxb4 Bc4 21. b5 $14 {Granda Zuniga,
J-San Segundo Carrillo,P/Pamplona 1995/1/2-1/2 (53)}) 11. Qxa7 Ra8 12. Qxc7
Qxc7 13. Bxc7 Nxa2 14. Ra1 Rc8 15. Rxa2 Rxc7 16. Ra8+ $18) (8. g4 $6 Nxg4 9.
Nxd5 (9. Qxb7 Nb4 10. Bb5+ Kf8 $132) (9. Qxd5 Qxd5 10. Nxd5 Bb4+ $15 (10...
O-O-O 11. Nxe7+ Nxe7 12. Ne2 Nd5 (12... Rhe8 13. Rg1 Ng6 14. h3 Nf6 15. Bg5 Rd6
16. Ng3 $14) 13. Rg1 Nxf4 14. Nxf4 g5 15. Bh3 (15. Bd3 Bd7 $15) 15... gxf4 16.
Bxg4 Bxg4 17. Rxg4 fxe3 18. fxe3 Rhg8 19. Rxg8 Rxg8 20. Kf2 Kd7 $11)) 9... O-O
10. Bg2 Bh4 11. Bg3 Be6 12. Kf1 a5 13. Nh3 a4 14. Qc4 Na5 15. Qc5 b6 16. Bxh4
bxc5 17. Bxd8 Raxd8 18. Ne7+ Kh8 19. d5 Bd7 20. Rc1 c4 21. Ng5 (21. Ke2 Rfe8
22. Nc6 Nxc6 23. dxc6 Bf5 $15) 21... h6 22. Nf3 Rb8 23. h3 Nf6 24. Nd4 Rxb2 $19
{0-1 Topalov,V-Kasparov,G/It, Linares ESP 1997 (39)}) 8... Na5 9. Qa4+ c6 10.
Nf3 O-O $5 $146 (10... Nh5 $2 11. Bc7 $1 (11. Be5 O-O $11) 11... Qxc7 12. Nxd5
Qd8 13. Nxe7 Kxe7 14. b4 Nc4 15. Bxc4 b5 16. Qd1 bxc4 17. Ne5 Qd5 18. Qxh5 $18
{1-0 Gavrikov,V-Ubilava,E/Tbilisi 1983 (43)}) 11. Ne5 $14 {[%csl Ra5]} b5 {
[%csl Rc5,Rc6]} 12. Qd1 (12. Qxa5 $5 Qxa5 13. Nxc6 {[%tqu "En","?","","",
"e7a3","",10]} Bxa3 $3 (13... Qb6 14. Nxe7+ Kh8 15. Nxf5 b4 $8 16. axb4 Qxb4
17. Rb1 (17. O-O-O $2 {[%cal Gf4b8]} Rfc8 18. Bd3 Rxc3+ 19. bxc3 Qxc3+ 20. Kb1
(20. Bc2 Rc8 $19) 20... Qb3+ 21. Ka1 $11) 17... Ne4 18. Bd3 Nxc3 19. Bd6 $1 Qa5
20. bxc3 Qxc3+ 21. Ke2 $16) 14. Rxa3 (14. Nxa5 Bxb2 15. Nd1 Bxa1 16. Nb3 a5 17.
Nxa1 b4 $44) 14... Qb6 15. Ne7+ Kh8 16. Nxf5 a6 $132 (16... b4 17. Ra6 bxc3 18.
Rxb6 axb6 19. bxc3 Ra1+ 20. Ke2 Ne4 21. Kf3 (21. g3 Rfa8 $17) 21... Nd2+ 22.
Ke2 (22. Kg4 Rxf1 23. Rxf1 Nxf1 24. Ne7 Rd8 25. Kf5 Nd2 $15) 22... Ne4)) 12...
Rc8 13. Bd3 (13. Be2 $2 Nc4 14. Qc1 c5 $1 $132) 13... Bxd3 (13... Ne4 14. Qc2
f6 15. Nf3 Nc4 16. Nxe4 Bxe4 17. Bxe4 dxe4 18. Qxe4 Nxb2 19. O-O $14 (19. Nd2
c5 20. Qe6+ Kh8 21. Qb3 Nc4 22. Nxc4 bxc4 23. Qxc4 Qa5+ $17)) (13... Be6 14.
O-O Nc4 15. Qc2 $14) 14. Nxd3 Nc4 15. O-O Re8 (15... a5 16. a4 $1 b4 17. Ne2
$14) 16. a4 $1 b4 17. Ne2 Nh5 $2 {The White wish to change NNB and to keep
advantage |^ c-line} (17... Ne4 18. b3 Nb6 (18... Ncd2 $2 19. Re1 c5 20. dxc5 (
20. f3 Nxb3 $1 21. Qxb3 c4 22. Qd1 cxd3 23. Qxd3 Nc3 $15) 20... Bf6 21. Nd4 $18
) 19. Rc1 $14) 18. b3 Nxf4 19. Nexf4 Na5 20. Rc1 $16 Bd6 21. g3 $1 g6 (21...
Nb7 22. Qd2 (22. Qg4 Na5) 22... Qe7 23. Rc2 Na5 24. Rb1 Qe4 25. Qd1 a6 26. Nc5
Bxc5 27. Rxc5 Nb7 28. Rc2 $16) 22. Nc5 Bxc5 23. Rxc5 Nb7 24. Rc1 Nd6 (24... Qd6
25. Nd3 $16) 25. Nd3 a5 26. Nc5 h5 27. Rc2 Ne4 $6 (27... Rc7 28. Qd3 Qa8 29.
Re1 Rce7 30. Rec1 $16) 28. Nxe4 Rxe4 29. Rc5 $16 Re6 (29... Re7 30. Qf3) 30.
Qf3 Qb6 31. Rfc1 {[%csl Rd5]} Rd8 32. Qe2 Rdd6 (32... Kg7 33. h3 (33. Qc2 Rdd6)
33... Rdd6 34. Kg2 $16 {[%cal Gg3g4]}) 33. Kg2 Kg7 34. h3 Qa7 $2 (34... Re4 $1
35. Qc2 (35. g4 $140 $6 hxg4 36. hxg4 Rde6 37. Qf3 Qd8 38. Rxc6 (38. Qh3 Qg5
39. f4 Qh6 (39... Qf6 40. Rh1 Kf8 41. Rxa5 Rxe3 42. Qh6+ Qg7 (42... Ke7 43.
Ra7+ Kd8 44. Qh8+ Qxh8 45. Rxh8+ Re8 46. Ra8+ Kd7 47. Rhxe8 Rxe8 48. Rxe8 Kxe8
49. g5 Kd7 50. Kf3 c5 51. dxc5 Kc6 52. Ke2 Kxc5 53. Ke3 Kc6 54. Kd4 Kd6 55. a5
Kc6 56. a6 $18) 43. Ra8+ Re8 44. Qh8+ Qg8 45. Rxe8+ Rxe8 46. Kf2 $16) 40. Qxh6+
Kxh6 41. Rxa5 Rxe3 $11) 38... Qg5 39. Rxe6 (39. Kg3 Rxe3 40. fxe3 Rxe3 $17)
39... Rxg4+ 40. Kf1 Rg1+ 41. Ke2 Rxc1 $8 42. Rd6 (42. Re5 $4 Qg1 $19) 42... Qg1
(42... Rc2+ 43. Kd3 Rc3+ 44. Kd2 Rxb3 45. Rd7 Qf6 46. Qxf6+ Kxf6 47. Rxd5 Rb2+
48. Kd3 Rxf2 49. Rxa5 Ra2 50. Kc4 Re2 (50... Ra3 51. e4 b3 52. Kc3 $18) 51. Re5
g5 52. Kxb4 g4 53. a5 (53. Re8 g3 54. a5 g2 55. Rg8 Kf5 56. a6 Ke4 57. a7 Ra2
58. Rxg2 Rxa7 $11) 53... g3 54. Re4 g2 55. Rg4 Kf5 56. Rg3 Ke4 57. a6 Ra2 58.
Kb5 f5 59. Kb6 Rb2+ 60. Kc5 Ra2 61. Kb6 Rb2+ $11) 43. Qf6+ Kh6 44. Qf4+ Kg7 $11
) 35... Ree6 36. Kf1 (36. g4 hxg4 37. hxg4 Re4 $132) 36... Rf6 37. Ke2 Rfe6 38.
Kd1 Rf6 39. Qe2 Rfe6 40. Kc2 Re4 41. Kb2 Ree6 42. g4 $16) 35. g4 hxg4 36. hxg4
Qb6 (36... Re4 37. Rh1 Qc7 (37... Qe7 38. Rxa5 Qe6 39. Qf3 Rxg4+ 40. Kf1 Qe4
41. Qxe4 (41. Rh7+ Kxh7 42. Qxf7+ Kh6 43. Qf8+ Kg5 44. Qxd6 Qd3+ 45. Ke1 Rg1#)
41... Rxe4 42. Ra7 Rf6 43. Rh3 g5 44. Rg3 Kg6 45. Rb7 Rh4 46. Rxb4 (46. a5 Rh1+
47. Rg1 Rh2 48. Rg2 Rh1+ 49. Ke2 Ra1 $11) 46... c5 47. Rb8 cxd4 48. Rg8+ Kh7
49. R8xg5 dxe3 50. Rxe3 Rh2 51. Rg2 $18) 38. Qf3 Qd7 39. Kf1 Qxg4 (39... Rxg4
40. Qh3 $18) 40. Qxg4 Rxg4 41. Rxa5 $16) 37. Rh1 Rd8 (37... Qd8 38. Qf3 Qg5 (
38... Re4 39. Qh3 $18) 39. Rxa5 Re4 40. Qxe4 $18 (40. Rh7+ Kxh7 41. Qxf7+ $18))
38. Qf3 $18 Rd7 39. Qh3 Kf8 40. Qh4 $6 (40. Qh8+ Ke7 $16) (40. Qh6+ $1 Ke8 41.
Qg7 Rde7 42. Rh8+ Kd7 43. Qf8 Re8 (43... Qc7 44. Qa8 $18) 44. Qxf7+ R6e7 45.
Qf6 Re6 46. Rh7+ $18) 40... Qc7 41. Qg3 $16 (41. Qg3 $16 Qxg3+ (41... Kg7 42.
Qxc7 Rxc7 43. Rxa5 $18) 42. Kxg3 Ra7 43. Rh8+ Ke7 44. Rb8 (44. g5 Kd6 45. Kf4
Re4+) 44... f6 45. Rb6 Kd7 46. Kf3 $22 Rd6 (46... Kc7 47. Rbb5 $18) (46... Ra8
47. Rb7+ Kd6 48. Rg7 g5 49. Ke2 Re4 50. Rf7 Re6 51. Kd3 Ra6 52. f4 gxf4 53.
exf4 $18) 47. g5 fxg5 48. Kg4 Rf6 49. Kxg5 Rxf2 50. Rcxc6 (50. Rbxc6 $6 Rg2+
51. Kf6 (51. Kh6 $6 Ra8 52. Rxg6 Rxg6+ 53. Kxg6 Kd6 54. Kf5 Rf8+ 55. Kg4 Rf2
56. Rxa5 Rb2 57. Ra6+ Kc7 58. a5 Rxb3 59. Kf4 Ra3 60. Ke5 (60. Rb6 Rxa5 61.
Rxb4 Ra3 62. Rb1 Kd6 63. Rh1 Kd7 64. Rh7+ Kd6 $11) 60... Rxe3+ (60... b3 61.
Rb6 Rxa5 62. Rxb3 Kc6 63. Rc3+ Kb6 64. Kd6 $18) 61. Kxd5 Ra3 62. Rc6+ Kd7 63.
Rc5 b3 64. Rb5 b2 65. Rb7+ Kc8 66. Rxb2 Rxa5+ 67. Kc6 Ra6+ $11) 51... Rg3 52.
Rb6 Rxe3 53. Rxd5+ Kc7 54. Re6 Rxe6+ 55. Kxe6 Ra6+ 56. Ke7 $16) 50... Rg2+ 51.
Kf6 Rg3 52. Re6 Kc8 53. Rb5 Rf3+ 54. Kg5 Rg3+ 55. Kf4 Rh3 56. Rc5+ Kd7 (56...
Rc7 57. Rxd5 (57. Rxg6 Rxc5 58. dxc5 Kc7 $16) 57... Rh4+ 58. Kg3 Rh5 59. Rxh5
gxh5 $18) 57. Rxg6 $18) 1-0

[Event "St Petersburg-ch"]
[Site "St Petersburg"]
[Date "1997.??.??"]
[Round "2"]
[White "Sakaev, Konstantin"]
[Black "Grishanovich, Stanislav"]
[Result "1-0"]
[WhiteElo "2580"]
[BlackElo "2335"]
[Annotator "Tsesarsky,I"]
[PlyCount "81"]
[EventDate "1997.03.04"]
[EventType "swiss"]
[EventRounds "9"]
[EventCountry "RUS"]
[SourceTitle "CBM 058"]
[Source "ChessBase"]
[SourceDate "1997.06.01"]
[SourceVersion "1"]
[SourceVersionDate "1997.06.01"]
[SourceQuality "1"]

1. d4 {Tsesarsky} Nf6 2. c4 e6 3. Nc3 d5 4. cxd5 exd5 5. Bg5 Nbd7 (5... Be7 6.
e3 h6 7. Bh4 O-O 8. Bd3 b6 9. Nf3 Bb7 10. O-O c5 11. Ne5 Nbd7 12. Qf3 cxd4 13.
exd4 Nxe5 14. dxe5 Nd7 15. Bxe7 Qxe7 16. Nxd5 Qxe5 17. Ne7+ Kh8 18. Qxb7 Nc5 {
= Kasparov,G-Beliavsky,A/Moskva (m3) 1983}) 6. e3 Be7 7. Bd3 h6 8. Bh4 (8. Bf4
{Tsesarsky} O-O 9. Nf3 b6 (9... c6 $5 {Tsesarsky}) 10. O-O Bb7 11. Ne5 Ne4 $5 (
11... c5 {Tsesarsky} 12. Qf3 Nxe5 (12... Re8 13. Rad1 (13. Bf5 Nxe5 14. dxe5
Ne4 15. Nxe4 (15. e6 Nxc3 16. exf7+ Kxf7 17. bxc3 Bf6 18. Rac1 $14) 15... dxe4
16. Bxe4 Bxe4 17. Qxe4 $16) 13... cxd4 14. exd4 a6 (14... Rc8 15. Bf5 $14) 15.
Bf5 $14 (15. Bxh6 gxh6 16. Qg3+ Kf8 17. Qf4 (17. Nxf7 Kxf7 18. Qg6+ Kf8 (18...
Ke6 19. Rfe1+ Kd6 20. Qg3+ Ne5 (20... Kc6 21. Re6+ Bd6 22. Qxd6#) 21. dxe5+ $18
) 19. Qxh6+ Kf7 20. Qg6+ Kf8 21. Qh6+ $11 (21. Rfe1 Ng8 22. Re3 (22. Bf5 Bf6
23. Be6 Rxe6 24. Rxe6 Bg7 25. Rd3 Ndf6 26. Rg3 Qc7 27. h4 Re8 28. Re5 Re7 29.
h5 Rf7 30. Rf3 Qd7 31. Ne2 Ne7 $17) 22... Bf6 23. Rg3 Ke7 $17)) 17... Kg7 18.
Qg3+ $11)) 13. dxe5 Ne8 14. Bc4 $1 Nc7 15. Rad1 dxc4 16. Qxb7 Qc8 17. Qxc8
Raxc8 18. Rd7 Rfe8 19. Rfd1 (19. Ne4 Ne6 20. Rxa7 (20. Rc1 b5 21. a4 a6 22.
axb5 axb5 23. Nd6 Bxd6 24. exd6 Nxf4 25. exf4 Red8 $17) 20... Ra8 21. Rxa8 Rxa8
22. Nc3 $16) 19... b5 20. e4 a5 21. Nd5 Nxd5 22. exd5 Rcd8 23. Rc7 b4 24. d6 c3
25. bxc3 bxc3 26. Rxc5 $18) 12. Rc1 (12. Nxe4 {Tsesarsky} dxe4 13. Bc2 (13. Bb5
Nxe5 14. Bxe5 c5 15. dxc5 Bxc5 16. Qg4 Qg5 17. Qxg5 hxg5 18. Rfd1 Rad8 19. Bd7
Bc8 20. Bc6 f5 21. Bc7 Rxd1+ 22. Rxd1 Be6 23. Bd8 Bxa2 24. Bxg5 $11) 13... c5
$11) 12... Nxe5 (12... Nxc3 {Tsesarsky} 13. Rxc3 c5 14. Qf3 (14. Qg4 Nf6) 14...
Nxe5 15. Bxe5 f6 (15... Qd7 16. Bf5 Qb5 17. Rb3 Qa6 18. Qg3 f6 19. Bf4 Qxa2 20.
Bxh6 Rf7 21. Be6 $18) 16. Bg3 $14) 13. Bxe5 Bd6 14. Nb5 $6 {0-1 Yakovich,
Y-Burmakin,V/RUS-ch Elista 1994 (58)} (14. Bxd6 {Tsesarsky} Nxd6 15. b4 $14))
8... b6 9. Nge2 (9. Nf3 $5) 9... Bb7 10. f3 Nf8 (10... c5 $5) 11. O-O Ne6 12.
b4 O-O 13. Rb1 $14 Qd7 14. b5 a6 15. a4 axb5 16. axb5 Ne4 $5 (16... Ra5 17. Bf5
Rfa8 18. Qc2 $14) 17. Be1 $6 (17. Nxd5 Bxh4 (17... Bxd5 18. Bxe7 Qxe7 19. fxe4
$16) 18. fxe4 Bg5 (18... Bxd5 19. exd5 Qxd5 20. Bc2 Qg5 (20... Bg5 21. Qd3 g6 (
21... f5 22. Bb3 Qd7 23. h4 Bxh4 24. Nf4 Rae8 25. Nxe6 Rxe6 26. Rxf5 $18) 22.
Rf3 (22. e4 Qd7) 22... Qd6 (22... f5 23. Bb3 Qd6 24. h4 Bxh4 25. Nf4 $16) 23.
Rbf1 $14) 21. Qd3 Rfd8 22. Rf3 $16) 19. Nef4 $14) (17. fxe4 $1 Bxh4 (17... dxe4
18. Bxe4 Bxe4 19. Bxe7 $18) 18. exd5 Bxd5 19. Nxd5 Qxd5 20. Bc2 $14) 17... Nxc3
18. Bxc3 $132 Bf6 {[%csl Rd4]} 19. Bc2 Rfe8 20. Qd3 Nf8 (20... g6 $11) 21. Ng3
c5 $1 22. Nh5 (22. bxc6 Qxc6 23. Rfc1 Ba6 24. Qd2 Bc4 $11) 22... Bg5 23. Rfe1 (
23. f4 c4 (23... Be7 24. dxc5 Bxc5 25. Bxg7 Rxe3 26. Nf6+ Kxg7 27. Nxd7 Rxd3+
28. Nxc5 Rd2 29. Nxb7 Rxc2 30. Rf2 Raa2 31. Rxc2 Rxc2 $15) 24. Qe2 Bh4 $15)
23... c4 (23... g6 $6 24. dxc5 bxc5 25. Nf6+ Bxf6 26. Bxf6 $14) 24. Qd2 Ra2 $2
(24... Ne6 25. Ng3 Nc7 (25... g6 26. f4 Bh4 27. f5 gxf5 28. Bxf5 Bxg3 29. hxg3
Qd6 30. Qf2 Ng7 31. Bb4 Qc7 32. Bc2 Qd7 33. Rf1 Re6 $15) 26. Bf5 Qe7 27. Nf1
Bc8 28. Bxc8 Raxc8 $17 {[%csl Rb5]}) 25. Bh7+ Kxh7 (25... Nxh7 26. Qxa2 Bxe3+ (
26... Rxe3 27. Rxe3 Bxe3+ 28. Kh1 (28. Kf1 Qf5 29. Ng3 Qd3+ 30. Ne2 Ng5 31. Re1
Qf5 32. Bd2 Bxd2 33. Qxd2 $132) 28... g6 29. Ng3 Bf4 30. Ne2 Bd6 31. Bb4 Bxb4
32. Rxb4 Ng5 $132) 27. Kh1 Ng5 28. Rb2 Re6 (28... Nxf3 29. gxf3 Qf5 30. Ng3
Qxf3+ 31. Rg2 $18) 29. Rbe2 Qe7 30. Qc2 $14) 26. Qxa2 Rxe3 (26... Bxe3+ 27. Kh1
Ng6 28. Ng3 Ra8 29. Qc2 Bf4 $44) 27. Qc2+ Kg8 28. Rxe3 (28. f4 Rxe1+ 29. Rxe1
Be7 30. Qa4 Ng6 $44) 28... Bxe3+ 29. Kh1 Ne6 30. Qf5 Bc8 (30... Bg5 31. Qe5 Bd8
$44) 31. Qe5 Bg5 $2 (31... Bf2 32. Ba1 f6 33. Qb8 Qb7 34. Qxb7 Bxb7 35. Rd1 Kf7
$44) 32. f4 $16 f6 (32... Be7 33. f5 $18) 33. Qb8 Bh4 (33... Nxf4 34. Nxf4 Qf5
35. Re1 Bxf4 36. Re8+ Kf7 37. Qxc8 Qb1+ 38. Be1 $18) 34. Qxb6 Nf8 (34... Kh7
35. Qc6 $18 (35. Ra1 $2 Qf7 36. f5 Qxh5 37. fxe6 Bg3 38. h3 Qe2 39. Qd8 Bxe6
40. Qe7 Qe3 41. Bd2 Qxd4 42. Ra7 f5 43. Be3 (43. b6 Qb2 44. Qb4 Qc2 45. Ra1 d4
$17) 43... Qe5 44. Qc5 f4 45. Bd4 Qe1+ 46. Bg1 f3 (46... Bxh3 47. Qd4 Bxg2+ 48.
Kxg2 Qe2+ 49. Bf2 Qg4 50. Kf1 Bxf2 51. Kxf2 Qg3+ 52. Kf1 f3 53. Qg1 Qh3+ (53...
Qe5 $14) 54. Kf2 Qh4+ 55. Kxf3 Qe4+ $11) 47. Qe3 Qxe3 48. Bxe3 f2 49. Ra1 (49.
Bxf2 Bxf2 $19) 49... c3 50. b6 Bc8 (50... d4 51. Bxd4 Bc4 52. Bxf2 Bxf2 53. b7
Bg3 54. Rc1 Bd5 55. Rxc3 Bf4 56. b8=Q Bxb8 $11) 51. Rc1 Ba6 52. Bxf2 Bxf2 53.
Rxc3 d4 54. Ra3 Bb7 55. Ra7 Be4 56. b7 Bg3 57. Ra4 Bxb7 58. Rxd4 $11)) 35. Ra1
$18 Qf5 36. Qd8 Qxh5 37. Qxc8 Bg3 38. h3 Bxf4 39. Bb4 Qg6 40. Qxf8+ Kh7 41. Bd6
1-0